Experimentelle Forschung im Wohnungs- und Städtebau als Methode der Wissenschaftlichen Politikberatung.
Zhodnotenie experimentálneho výskumu bytovej výstavby a rozvoja miest v porovnaní s minulými programami. Jednotlivé fázy výskumných riešení (prípravná, realizačná, vyhodnocovacia) a hlavné úlohy začlenené do jednotlivých fáz. Možnosti realizácie zámerov modelov v praxi.
Salvato in:
| Autore principale: | |
|---|---|
| Altri autori: | |
| Natura: | Capitolo di libro |
| Lingua: | tedesco |
| Soggetti: | |
| Tags: |
Nessun Tag, puoi essere il primo ad aggiungerne!!
|
MARC
| LEADER | 00000naa a2200000 4500 | ||
|---|---|---|---|
| 001 | r004847 | ||
| 005 | 20220819193933.7 | ||
| 041 | 0 | |a ger | |
| 044 | |a DE | ||
| 245 | 1 | 0 | |a Experimentelle Forschung im Wohnungs- und Städtebau als Methode der Wissenschaftlichen Politikberatung. |c M. Fuhrlich, H.P. Gatzweiler |
| 520 | |a Zhodnotenie experimentálneho výskumu bytovej výstavby a rozvoja miest v porovnaní s minulými programami. Jednotlivé fázy výskumných riešení (prípravná, realizačná, vyhodnocovacia) a hlavné úlohy začlenené do jednotlivých fáz. Možnosti realizácie zámerov modelov v praxi. | ||
| 610 | 2 | 0 | |a výstavba bytová |
| 610 | 2 | 0 | |a mestá |
| 610 | 2 | 0 | |a výskum |
| 610 | 2 | 0 | |a poradenstvo |
| 610 | 2 | 0 | |a modely |
| 100 | 1 | |a Fuhrlich, M. | |
| 700 | 1 | |a Gatzweiler, H.P. | |